| 000 | 00575nam a2200217Ia 4500 | ||
|---|---|---|---|
| 003 | GCL | ||
| 008 | 140319s9999 xx 000 0 eng d | ||
| 020 | _a1857150775 | ||
| 040 |
_aGCL / _cGCL |
||
| 082 | 0 | 4 |
_a823 _bL W |
| 100 | 1 | _aLAWRENCE, D.H. | |
| 245 | 1 | 0 |
_aWOMEN IN LOVE / _cLAWRENCE, D.H. |
| 700 | 1 | _aELLIS, DAVID | |
| 260 |
_aانجلترا : _bEVERYMAN'S LIBRARY ، _c1992 |
||
| 300 |
_a21 CM ؛ _cXXIX, 475 P |
||
| 490 |
_aTHE MILLENNIUM LIBRARY _v77 |
||
| 650 | 0 | 4 | _aENGLISH LITERATURE |
| 650 | 0 | 4 | _aLITERATURE |
| 650 | 0 | 4 | _aENGLISH FICTION |
| 942 |
_2ddc _cBK |
||
| 999 |
_c5166 _d5166 |
||